Loading...
| History - American | 0 | 7 | 0 | 0 | 70 | 51 | 85.29 | 2 | 7 | 18.39 | 45.00 |
| History - Other | 0 | 4 | 1 | 1 | 35 | 75 | 104.50 | 1 | 3 | 5.96 | 16.67 |
| History - World | 0 | 4 | 1 | 0 | 35 | 25 | 65.00 | 4 | 4 | 16.60 | 33.33 |
| History - European | 0 | 4 | 2 | 0 | 30 | 53 | 77.25 | 2 | 3 | 13.14 | 25.00 |
| Social Science | 0 | 3 | 0 | 0 | 30 | 67 | 86.00 | 1 | 2 | 5.98 | 11.67 |
| Science - Biology | 0 | 3 | 0 | 1 | 30 | 88 | 102.67 | 1 | 1 | 2.25 | 13.33 |
| Fine Arts - Classical Music | 0 | 2 | 0 | 1 | 20 | 121 | 122.00 | 0 | 0 | 0.13 | 3.33 |
| Fine Arts - Painting and Sculpture | 0 | 2 | 0 | 0 | 20 | 35 | 65.50 | 2 | 2 | 7.85 | 16.67 |
| Geography | 0 | 2 | 0 | 0 | 20 | 58 | 70.50 | 1 | 2 | 22.03 | 35.00 |
| Science - Other | 0 | 2 | 0 | 2 | 20 | 112 | 116.00 | 0 | 1 | 0.00 | 5.83 |
| Literature - World | 0 | 2 | 0 | 0 | 20 | 87 | 90.50 | 1 | 2 | 5.61 | 11.67 |
| Religion | 0 | 2 | 1 | 0 | 15 | 70 | 81.00 | 1 | 2 | 4.90 | 15.00 |
| Current Events | 0 | 1 | 0 | 0 | 10 | 43 | 43.00 | 0 | 1 | 21.39 | 20.00 |
| Fine Arts - Other | 0 | 1 | 0 | 1 | 10 | 134 | 134.00 | 0 | 0 | 0.06 | 3.33 |
| Mythology | 0 | 1 | 0 | 1 | 10 | 138 | 138.00 | 0 | 0 | 0.00 | 1.67 |
| Philosophy | 0 | 1 | 1 | 1 | 5 | 98 | 98.00 | 0 | 1 | 1.23 | 3.33 |
| Science - Physics | 0 | 1 | 2 | 1 | 0 | 130 | 130.00 | 0 | 0 | 0.00 | 3.33 |
| Literature - American | 0 | 0 | 1 | 0 | -5 | 0.00 | 0 | 0 | 0.00 | 0.00 | |
| Science - Chemistry | 0 | 0 | 2 | 0 | -10 | 0.00 | 0 | 0 | 0.00 | 0.00 |